000 00453nab a2200145Ia 4500
003 ES-SlBCS
005 20210601125250.0
008 140529s1986 xxu||||| |||| 00| 0 eng d
041 _aeng
100 1 _aMaloney, J. Christopher
_9132695
245 0 0 _aSensation and Scientific Realism
_c J. Christopher Maloney
650 0 4 _aSensación
_9133279
773 0 _tPhilosophy and Phenomenological Research
_gvol. 47, 1986, págs. 471-482
_wRev1411
942 _cAR
999 _c527491
_d527491